000 01166cam a22003134a 4500
001 12252055
005 20200421093821.0
008 001207s2001 nyu 000 0beng
010 _a 00054199
020 _a0066620724 (hc)
040 _aDLC
_cDLC
_dDLC
042 _apcc
043 _ae-fi---
050 0 0 _aQA76.2.T67
_bT67 2001
082 0 0 _a005.1/092
_aB
_221
100 1 _aTorvalds, Linus,
_d1969-
245 1 0 _aJust for fun :
_bthe story of an accidental revolutionary /
_cLinus Torvalds and David Diamond.
250 _a1st ed.
260 _aNew York, NY :
_bHarperBusiness,
_cc2001.
300 _axxii, 262 p. ;
_c25 cm.
600 1 0 _aTorvalds, Linus,
_d1969-
630 0 0 _aLinux.
_9204
650 0 _aComputer programmers
_zFinland
_vBiography.
_9832
700 1 _aDiamond, David.
_9205
856 4 2 _3Publisher description
_uhttp://www.loc.gov/catdir/description/hc043/00054199.html
906 _a7
_bcbc
_corignew
_d1
_eocip
_f20
_gy-gencatlg
942 _2ddc
_cBK
999 _c164
_d164